000 00366nam a2200145Ia 4500
008 230917s9999||||xx |||||||||||||| ||und||
040 _e248150
_aMAIN
041 _aEnglish
082 _a294.5926 L149Y
100 _aLakhan Singh
245 0 _aYagyavalkya smriti mein nyaya vyavstha ka sameekshatmak adhyayan
260 _c2017
300 _a92 p.
942 _cTH
999 _c127611
_d127611